000 00283nam a22001217a 4500
020 _a9788171640222
082 _a637.14
_bCHA/TE
100 _aChander, Lalat
245 _aTextbook of dairy plant layout and design
260 _aNew Delhi
_bICAR
_c2010
300 _a209p
942 _cBK
999 _c13792
_d13792